000 00665nam a22001937a 4500
003 OSt
005 20250829072534.0
008 250829b |||||||| |||| 00| 0 eng d
020 _a971-584-402-2
040 _cOC
082 _aFil. 370.19 D332n 2005
100 _aMapue, P.
245 _aNational service training program (literacy training service) book 1 :
_bbasic training module
260 _aQuezon City :
_bC & E Publishing, Inc.,
_c c2005
300 _avii, 149 pages :
_c26 cm.
700 _aCruz-Lazo , Edeliza D.
700 _aGasilla-Dela Cruz, Sonia
942 _2ddc
_cBK - FIL
_hFil. 370.19 D332n 2005
_kFil.
_n0
999 _c4357
_d4357